Sports Quiz

Random Sports or Football Quiz

NFL Top 100 Rushers (2010) Quiz Stats

 Plays Quiz Updated Jan 14, 2016

Challenge
Share
Tweet
Embed
Score 0/101 Timer 09:00
0 Plays Today
Rushing Yards Player % Correct
1,364Chris Johnson
96.1%
1,298Adrian Peterson
95.3%
800Felix Jones
94.3%
896Thomas Jones
94.2%
223Julius Jones
94.2%
1,241Steven Jackson
92.4%
927Fred Jackson
92%
703Brandon Jackson
91.8%
1,324Maurice Jones-Drew
91.6%
1,616Arian Foster
91.2%
1,220Ray Rice
89%
1,371Michael Turner
88.6%
1,467Jamaal Charles
87.1%
914LaDainian Tomlinson
85%
673Ricky Williams
85%
361DeAngelo Williams
84.9%
437Cadillac Williams
84.9%
261Keiland Williams
84.7%
1,273Rashard Mendenhall
84.4%
853Frank Gore
83.5%
1,157Darren McFadden
82.5%
1,235Ahmad Bradshaw
82.3%
1,069Matt Forte
82%
766Shonn Greene
81.8%
1,080LeSean McCoy
81.7%
136Colt McCoy
80.9%
823Brandon Jacobs
80.2%
676Michael Vick
79.9%
1,177Peyton Hillis
79.5%
150Reggie Bush
77.8%
655Michael Bush
77.6%
737Marshawn Lynch
76.8%
1,111Cedric Benson
75.9%
734Ronnie Brown
74.1%
Rushing Yards Player % Correct
497Donald Brown
73.9%
1,008BenJarvus Green-Ellis
73.2%
770Jonathan Stewart
68.5%
123Shaun Hill
67.9%
133Kevin Smith
66.8%
299Brad Smith
66.8%
121Troy Smith
66.8%
495Joseph Addai
65.6%
1,007LeGarrette Blount
64.4%
227Clinton Portis
62.6%
374Marion Barber
62.1%
547Danny Woodhead
61.3%
269Pierre Thomas
60.2%
114Mike Thomas
60%
779Knowshon Moreno
59.3%
380Willis McGahee
56.9%
736Tim Hightower
55.4%
397Beanie Wells
55.3%
555Jahvid Best
53.1%
356Aaron Rodgers
52.5%
678Ryan Mathews
51.3%
267Chester Taylor
48.2%
155Fred Taylor
48.1%
267Darren Sproles
46.8%
716Christopher Ivory
46.7%
340Brian Westbrook
45.6%
735Mike Tolbert
41.8%
125Vince Young
39.4%
742Ryan Torain
37.9%
227Tim Tebow
37.7%
176Ben Roethlisberger
35.9%
330Jerome Harrison
35.5%
232Jay Cutler
34.6%
279David Garrard
34.6%
Rushing Yards Player % Correct
243Tashard Choice
34.5%
122Matt Ryan
33.7%
283C.J. Spiller
33.6%
315Derrick Ward
33%
151Donovan McNabb
32.7%
523Justin Forsett
31.9%
322Toby Gerhart
31.8%
364Josh Freeman
31%
222Jason Campbell
30.7%
281John Kuhn
30.5%
336Maurice Morris
29.9%
459Rashad Jennings
27%
125Matt Cassel
24.5%
324Jason Snelling
22.8%
147Jon Kitna
21.3%
452Mike Goodson
21%
269Ryan Fitzpatrick
19.5%
172Dominic Rhodes
17.4%
185Mike Hart
15.3%
239Javon Ringer
14.6%
150Ladell Betts
14.3%
147Correll Buckhalter
14.3%
299Bernard Scott
14.1%
120Joe Webb
14.1%
237Anthony Dixon
13.8%
247Isaac Redman
12.3%
189Joe McKnight
11.9%
113Drew Stanton
8.5%
155Jacoby Ford
7.7%
158Lance Ball
6.7%
113Larod Stephens-Howling
6.7%
122Marcel Reece
4.5%
160Deji Karim
4.3%

You're not logged in!

Compare scores with friends on all Sporcle quizzes.
Join for Free
OR
Log In

You Might Also Like...

Show Comments

Extras

Top Quizzes Today


Score Distribution

Your Account Isn't Verified!

In order to create a playlist on Sporcle, you need to verify the email address you used during registration. Go to your Sporcle Settings to finish the process.

Report this User

Report this user for behavior that violates our Community Guidelines.

Details: